000 00373nam a2200145Ia 4500
008 220204s9999 xx 000 0 und d
082 _a635.054(41)
_bBEA.1
100 _aBEAN, W J
245 0 _aTrees and shrubs: Hardy in the British isles. V 1.
250 _aEd.8
260 _aGreat Britain
_bButler & Tanner
_c1950
650 _aShrub
650 _aTrees
942 _cBK
999 _c28746
_d28746